000 00451nam a2200169Ia 4500
008 230524s9999 xx 000 0 und d
082 _a621.3829
_bGOO
100 _aVinay K.Ingle
245 0 _a"Digital Signal Processing using MATLAB, (A MATLAB Based Approach)"
250 _a1ST
260 _aNEW DELHI
_bThomson
_c2000
300 _aVI;365
500 _aQuantity Number: 6
650 _aElectronics
700 _a John G.Proakis
942 _cBK
999 _c37295
_d37295